000 00400nam a2200133Ia 4500
008 171212s9999 xx 000 0 und d
020 _a9781910634738
100 _aNicolescu, Razvan
245 _cNicolescu, Razvan
_aSocial Media in Southeast Italy
_bCrafting Ideals
260 _bUCL Press
_c2016
440 _aWhy We Post
650 _aAnthropology
856 _uhttp://jstor.org/stable/j.ctt1gxxpdq
999 _c352888
_d352888